| 000 | 00384nam a2200133Ia 4500 | ||
|---|---|---|---|
| 008 | 220204s9999 xx 000 0 und d | ||
| 082 |
_a581.132:577.1 _bCAE |
||
| 100 | _aVon Caemmerer, S | ||
| 245 | 0 | _aBiochemical models of leaf photosynthesis | |
| 260 |
_aAustralia _bCSIRO _c2000 |
||
| 490 | _aTechniques in plant sciences No. 2 | ||
| 650 | _aPhotosynthesis modelling | ||
| 942 | _cBK | ||
| 999 |
_c41734 _d41734 |
||